| 000 | 00527nam a22001932 4500 | ||
|---|---|---|---|
| 001 | 0000002987 | ||
| 005 | 20170406114648.0 | ||
| 008 | 140429s xx 000 0 eng d | ||
| 020 |
_a9780049410169 : _c$ |
||
| 040 |
_aYour Holding Symbol _cYour Holding Symbol |
||
| 100 | 1 | _aPimlott Ben. | |
| 245 | 1 | 0 | _aLabour and the left in the 1930s. |
| 250 | _a ed. | ||
| 260 |
_alondon : _bAllen, _c1986. |
||
| 300 |
_a262 p. : _bill ; _c cm. |
||
| 504 | _aindex. | ||
| 650 | 0 | _alabour party. | |
| 908 | _a140429 | ||
| 999 |
_c2868 _d2868 |
||